| 000 | 00000nam##2200000za#4500 |
| 001 | 9.602876 |
| 003 | CaOODSP |
| 005 | 20240212134142 |
| 007 | cr ||||||||||| |
| 008 | 150406|1997||||xxc|||||o f|0| 0 fre|d |
| 040 | |aCaOODSP|bfre |
| 043 | |an-cn--- |
| 086 | 1 |aNE22-1/1997-5F-PDF |
| 110 | 1 |aCanada. |bOffice national de l'énergie. |
| 245 | 10|aMotifs de décision relativement à Federated Pipe Lines (Northern) Ltd. : |h[ressource électronique]|bdemande datée du 12 novembre 1996 visant le projet d'oléoduc Taylor-Belloy |
| 246 | 1 |iTitre de renvoi : |aFederated Pipe Lines (Northern) Ltd. |
| 260 | |aCalgary - Alberta : |bOffice national de l'énergie |cAvril 1997. |
| 300 | |a33p.|bcartes, tableaux |
| 490 | 1 |aMotifs de décision|vOH-3-96 |
| 500 | |aLe nº de catalogue (NE22-1/1997-5F) et l'ISBN (0-662-82001-0) de l'édition imprimée ont été incorrectement copiés dans cette édition électronique. |
| 590 | |a12-09-Supp|b2012-03-21 |
| 775 | 08|tReasons for decision in the matter of Federated Pipe Lines (Northern) Ltd. : |w(CaOODSP)9.572528 |
| 776 | 0#|tRelativement à Federated Pipe Lines (Northern) Ltd. : |w(CaOODSP)9.624314 |
| 830 | #0|aMotifs de décision (Canada. Office national de l'énergie)|vOH-3-96|w(CaOODSP)9.500899 |
| 856 | 40|ahttp://publications.gc.ca|qPDF|s238 Ko|uhttps://publications.gc.ca/collections/Collection/NE22-1-1997-5F.pdf|yOH-3-96 |